Quiz sur les départements de France - Statistiques

Statistiques générales
  • Ce quiz a été pris 42 fois
  • Le résultat moyen est 11 sur 15
Statistiques - réponses
Question Réponse % Correct
Lequel n'existe pas ? Alpes de Provence
100%
Le 38 est le département ? de l'Isere
100%
Caen est une ville ? du Calvados
100%
Lequel de ces départements ne figure pas dans la région Paca? L'aube
100%
Le numéro de département 66 est ? Les pyrénées Orientales
100%
Quel est la préfecture de l'Hérault? Montpellier
100%
Quel département est située à coté de l'Eure? Seine Maritime
100%
L’Essonne est le numéro de département? 91
67%
Un département ne correspond pas à son numéro le quel ? Doubs 23
67%
Ou peut t'on croisé l'emblématique marque (Vache qui rit) Jura
67%
Ou peut t'on visité le Palais idéal du facteur Cheval ? La Drome
67%
Sens se situe ? l'Yonne
67%
La ville de Molsheim , Kaysesberg ou Strasbourg se situe? Bas Rhin
33%
Ou la ville de Meze se situe ainsi que l'étang de Thau? Hérault
0%
Le Monastère de Brou est un symbole de ? l'Ain
0%
Aucun quiz correspondant
Distribution des résultats
% des personnes avec chaque résultat
Percentile par nombre de réponses
Votre historique - résultats
Vous n’avez pas pris ce quiz